000 nam a22 a 4500
999 _c148674
_d148674
003 BLK
005 20230203132121.0
008 180410b bul|||||r ||||||| ||bul||
010 _aKNG00154899000
040 _aBLK
041 _aBUL
_cBUL
080 _aРуска литература
_b821.161.1
_x-93-34
_z821.161.1-93-34
100 1 _aЦиферов, Генадий Михайлович
_eпърви автор
_9140113
139 _aЦиферов, Генадий Михайлович
_bЦ 70
245 1 0 _aМалкото великанче
_bСб. приказки за деца
_cГенадий Михайлович Циферов; прев. от рус. Русалина Попова; худож. Елияна Иванова Търновска.
250 _a2. изд.
257 _aSUN
260 _aСофия
_bОтечество
_c1985
300 _a64 с.
_bс цв. ил.
_c22Х29 см
380 _aDX
490 _aБиблиотека Сънчо
_9205309
500 _a1. изд. 1977 със загл. Приказки и худож. В. Чижиков. - 56 115 тир.
653 _aдетска литература
653 _aприказки
700 1 _aПопова, Русалина
_eпрев. от рус.
_9370299
700 1 _aТърновска, Елияна Иванова
_eхудож.
_9330099
852 _aЦб 265911
856 4 _qpdf
_i0.00
_ldisable
856 4 _qpdf
_i0.00
_ldisable
942 _cKNG
_n0
_s1
944 _aCR
_c21.12.2013
_l21.12.2013 - от С1,Р / 21.12.2013
_kМартин_Стоянов
944 _aED
_c21.12.2013
_l21.12.2013 - от С1,Р / 21.12.2013
999 _d148674